000 00272nam a22001217a 4500
008 170920b xxu||||| |||| 00| 0 eng d
041 _aeng
080 _a7
100 _a45
101 _aART
245 _aTHE ART MUSEUM POWER, MONEY, ETHICS
_cMEYER,K.E
942 _2udc
_cBK
999 _c28471
_d28471